Developments in the theory and practice of cybercartography : (Record no. 209224)
[ view plain ]
| 000 -CABECERA | |
|---|---|
| campo de control de longitud fija | 00944 a2200253 4500 |
| 003 - IDENTIFICADOR DEL NÚMERO DE CONTROL | |
| campo de control | OSt |
| 005 - FECHA Y HORA DE LA ÚLTIMA TRANSACCIÓN | |
| campo de control | 20230316145001.0 |
| 008 - DATOS DE LONGITUD FIJA--INFORMACIÓN GENERAL | |
| campo de control de longitud fija | 220427s2014 maua||||r|||| 00| 0 eng d |
| 020 ## - NÚMERO INTERNACIONAL ESTÁNDAR DEL LIBRO | |
| Número Internacional Estándar del Libro | 978044462713-1 |
| 040 ## - FUENTE DE LA CATALOGACIÓN | |
| Centro/agencia transcriptor | CHAP |
| 082 04 - NÚMERO DE LA CLASIFICACIÓN DECIMAL DEWEY | |
| Número de edición | 22 |
| Número de clasificación | 526.8 |
| Número de documento/Ítem | D49 2014 |
| 245 00 - MENCIÓN DE TÍTULO | |
| Título | Developments in the theory and practice of cybercartography : |
| Resto del título | applications and indigenous mapping / |
| Mención de responsabilidad, etc. | editado por D.R. Fraser Taylor y Tracey P. Lauriault. |
| 250 ## - MENCIÓN DE EDICIÓN | |
| Mención de edición | Segunda edición. |
| 264 #1 - PRODUCCIÓN, PUBLICACIÓN, DISTRIBUCIÓN, FABRICACIÓN Y COPYRIGHT | |
| Producción, publicación, distribución, fabricación y copyright | Amsterdam : |
| Nombre del de productor, editor, distribuidor, fabricante | Elsevier, |
| Fecha de producción, publicación, distribución, fabricación o copyright | 2014. |
| 300 ## - DESCRIPCIÓN FÍSICA | |
| Extensión | xvi, 364 páginas. |
| Otras características físicas | ilustraciones. |
| 490 1# - MENCIÓN DE SERIE | |
| Mención de serie | Modern cartography |
| Designación de volumen o secuencia | 5 |
| 504 ## - NOTA DE BIBLIOGRAFÍA, ETC. | |
| Nota de bibliografía, etc. | Incluye indice, referencias bibliográficas. |
| 650 #2 - PUNTO DE ACCESO ADICIONAL DE MATERIA--TÉRMINO DE MATERIA | |
| 9 (RLIN) | 186267 |
| Término de materia o nombre geográfico como elemento de entrada | Cartografía multimedia |
| 650 #2 - PUNTO DE ACCESO ADICIONAL DE MATERIA--TÉRMINO DE MATERIA | |
| 9 (RLIN) | 133288 |
| Término de materia o nombre geográfico como elemento de entrada | Cartografía |
| Subdivisión general | Procesamietno automático de datos |
| 700 1# - PUNTO DE ACCESO ADICIONAL--NOMBRE DE PERSONA | |
| 9 (RLIN) | 186264 |
| Nombre de persona | Taylor D. R., Fraser |
| Término indicativo de función/relación | Editor. |
| 700 1# - PUNTO DE ACCESO ADICIONAL--NOMBRE DE PERSONA | |
| 9 (RLIN) | 186265 |
| Nombre de persona | Lauriault, Tracer P. |
| Término indicativo de función/relación | Editor. |
| 830 ## - PUNTO DE ACCESO ADICIONAL DE SERIE-TÍTULO UNIFORME | |
| 9 (RLIN) | 186266 |
| Título uniforme | Modern cartography |
| 942 ## - ELEMENTOS DE PUNTO DE ACCESO ADICIONAL (KOHA) | |
| Fuente del sistema de clasificación o colocación | Dewey Decimal Classification |
| Tipo de ítem Koha | Libro |
| Estado de retiro | Estado de pérdida | Fuente del sistema de clasificación o colocación | Estado dañado | Restricciones de uso | No para préstamo | Código de colección | Localización permanente | Ubicación/localización actual | Ubicación en estantería | Fecha de adquisición | Total de préstamos | Signatura topográfica completa | Código de barras | Fecha visto por última vez | Precio válido a partir de | Tipo de ítem Koha |
|---|---|---|---|---|---|---|---|---|---|---|---|---|---|---|---|---|
| Dewey Decimal Classification | Préstamo 15 días | General | Biblioteca Central | Biblioteca Central | Planta alta - Colección General | 01/03/2023 | 526.8 D49 2014 | 33724002565728 | 01/03/2023 | 01/03/2023 | Libro |
